| 000 | 00938nam a2200277 i 4500 | ||
|---|---|---|---|
| 001 | bg | ||
| 100 | 1 | _aWRAŻEŃ, Marian | |
| 245 | 1 | 0 |
_aSieci i systemy telekomunikacyjne / _cMarian Wrażeń, Jacek Jarmakiewicz ; Wyższa Szkoła Informatyki Stosowanej i Zarządzania. |
| 250 | _aWyd. 2. | ||
| 260 |
_aWarszawa : _bWSISiZ, _c2003. |
||
| 300 |
_a280 s. : _bil., mapy ; _c24 cm. |
||
| 490 | 1 | _aSkrypty WSISiZ | |
| 650 | 9 | _aTelekomunikacja | |
| 655 | _aPodręczniki akademickie | ||
| 700 | 1 | _aJARMAKIEWICZ, Jacek | |
| 710 | 0 | _aWyższa Szkoła Informatyki Stosowanej i Zarządzania | |
| 830 | _aSkrypty WSISiZ | ||
| 020 | _a838831145X | ||
| 040 | _cBPK | ||
| 041 | 0 | _apol | |
| 080 | _a621.39:621.37](075.8) | ||
| 920 | _a83-88311-45-X | ||
| 942 | _cKS | ||
| 008 | s pl f |000 0 pol | ||
| 999 |
_c45188 _d45188 |
||
| 856 |
_uhttp://koha.tu.koszalin.pl/cgi-bin/koha/opac-detail.pl?biblionumber=45188 _yKatalog online BPK |
||